000 00710cam a22002411 4500
001 sa 64006558
003 DLC
005 20260227112040.0
008 760401s1964 ii a b 000 0 eng
010 _asa 64006558
015 _aGB64-19153
035 _a(OCoLC)2085375
040 _aDLC
_cOCU
_dUk
_dDLC
050 0 0 _aHD5069
_b.F6 1964
082 _a331.2954
100 1 _aFonseca, Aloysius Joseph.
245 1 0 _aWage determination and organized labour in India
_c[by] A. J. Fonseca.
260 _a[Bombay]
_bOxford University Press, Indian Branch,
_c1964.
300 _aix, 241 p.
_billus.
_c22 cm.
504 _aBibliography: p. 231-235.
650 0 _aWages
_zIndia.
650 0 _aLabor unions
_zIndia.
999 _c59768
_d59768